|
|
|
|
| LEADER |
00000nam a22000007a 4500 |
| 005 |
20191015221914.0 |
| 007 |
cr|||| |||| |
| 008 |
191015s2018 co |||||s|||| 00||0 spa d |
| 020 |
|
|
|a 978-958-760-113-8
|
| 035 |
|
|
|a 30542
|
| 040 |
|
|
|a vLex
|
| 090 |
|
|
|c 9830
|d 9830
|
| 100 |
1 |
|
|a Bolaǫs, Tania
|
| 245 |
1 |
0 |
|a Intersecciones
|h [Recurso electrn̤ico] :
|b Perspectivas polt̕icas y estťicas para la paz /
|c Tania Bolaǫs, Diana Rey, Mara̕ Alejandra Tapia
|
| 256 |
|
|
|a Servicio en ln̕ea
|
| 260 |
|
|
|a Bogot:̀
|b Ediciones Universidad Cooperativa de Colombia,
|c 2018
|
| 300 |
|
|
|a 1 recurso electrn̤ico
|
| 506 |
1 |
|
|a Disponible solo en los productos indicados
|d vLex Global
|d vLex Global (Academic Edition, excluding Law Schools)
|d vLex Global (U.S. Academic Edition, Law Schools)
|d vLex Global (U.S. Academic Edition, excluding Law Schools)
|d vLex Global (Academic Edition, Law Schools)
|
| 650 |
0 |
4 |
|a Derecho Pb︢lico y Administrativo
|z Colombia
|
| 700 |
1 |
|
|a Rey, Diana
|
| 700 |
1 |
|
|a Tapia, Mara̕ Alejandra
|
| 740 |
0 |
|
|a vLex Libros (Servicio en ln̕ea)
|
| 856 |
4 |
0 |
|u http://vlex.com/source/intersecciones-perspectivas-politicas-esteticas-paz-30542
|z Acceso restringido
|
| 942 |
|
|
|c BOOK
|